Normal view MARC view

Entry Personal Name

Number of records used in: 2

001 - CONTROL NUMBER

  • control field: 9700

003 - CONTROL NUMBER IDENTIFIER

  • control field: DLC

005 - DATE AND TIME OF LATEST TRANSACTION

  • control field: 20231007132343.0

008 - FIXED-LENGTH DATA ELEMENTS

  • fixed length control field: 100621n| azannaabn |a aaa

010 ## - LIBRARY OF CONGRESS CONTROL NUMBER

  • LC control number: n 2009200520

040 ## - CATALOGING SOURCE

  • Original cataloging agency: DLC
  • Language of cataloging: eng
  • Description conventions: rda
  • Transcribing agency: DLC
  • Modifying agency: DLC

100 1# - HEADING--PERSONAL NAME

  • Personal name: Kumar, Raj,
  • Dates associated with a name: 1967-

370 ## - ASSOCIATED PLACE

  • Other associated place: Delhi (India)
  • Source of term: naf

375 ## - GENDER

  • Gender: Males
  • Source of term: lcdgt

377 ## - ASSOCIATED LANGUAGE

  • Language code: eng

400 0# - SEE FROM TRACING--PERSONAL NAME

  • Personal name: Raj Kumar,
  • Dates associated with a name: 1967-

670 ## - SOURCE DATA FOUND

  • Source citation: Kumar, Raj. Dalit personal narratives, 2010:
  • Information found: t.p. (Raj Kumar) back jkt. flap (asso. prof., Dept. of Eng., Delhi U.)

670 ## - SOURCE DATA FOUND

  • Source citation: E-mail fr. author, June 20, 2010
  • Information found: (Raj Kumar; b. Jan. 3, 1967)

Powered by Koha